Normal view MARC view
  • Nayar V

Entry Personal Name

Number of records used in: 2

001 - CONTROL NUMBER

  • control field: 109285

003 - CONTROL NUMBER IDENTIFIER

  • control field: OSt

005 - DATE AND TIME OF LATEST TRANSACTION

  • control field: 20230125043446.0

008 - FIXED-LENGTH DATA ELEMENTS

  • fixed length control field: 230125|| aca||aabn | a|a d

040 ## - CATALOGING SOURCE

  • Original cataloging agency: OSt
  • Transcribing agency: OSt

100 ## - HEADING--PERSONAL NAME

  • Personal name: Nayar V

670 ## - SOURCE DATA FOUND

  • Source citation: Work cat.: (OSt)85961: Nayar V, Employees First, Customers Second, 2010